| 000 | 01662cam a22003855i 4500 | ||
|---|---|---|---|
| 001 | 21770159 | ||
| 003 | OSt | ||
| 005 | 20240222120449.0 | ||
| 008 | 160304s2016 gw |||| o |||| 0|eng | ||
| 020 | _a9783319279725 (paperback) | ||
| 040 |
_aNUST _beng _erda _cNUST _dNUST |
||
| 050 | _aTK1541 OFF | ||
| 245 | 0 | 0 |
_aOffshore Wind Farms :technologies,design and operation / _cedited byChong Ng, Li Ran. |
| 260 |
_aAmsterdam : _bElsevier, _c©2016. |
||
| 300 |
_axvii, 634 pages : _billustrations (some color) _c24 cm. |
||
| 336 |
_atext _btxt _2rdacontent |
||
| 337 |
_acomputer _bc _2rdamedia |
||
| 338 |
_aonline resource _bcr _2rdacarrier |
||
| 440 |
_aWoodhead Publishing Serries in Energy _vVolume 92 |
||
| 504 | _aIncludes bibliographical references and index. | ||
| 650 | 0 | _aEnergy systems. | |
| 650 | 0 | _aEnvironmental economics. | |
| 650 | 0 | _aFreshwater. | |
| 650 | 0 | _aMarine sciences. | |
| 650 | 0 | _aOceanography. | |
| 650 | 0 | _aRenewable energy sources. | |
| 650 | 1 | 4 |
_aRenewable and Green Energy. _0https://scigraph.springernature.com/ontologies/product-market-codes/111000 |
| 650 | 2 | 4 |
_aEnergy Systems. _0https://scigraph.springernature.com/ontologies/product-market-codes/115000 |
| 650 | 2 | 4 |
_aEnvironmental Economics. _0https://scigraph.springernature.com/ontologies/product-market-codes/W48000 |
| 650 | 2 | 4 |
_aMarine & Freshwater Sciences. _0https://scigraph.springernature.com/ontologies/product-market-codes/U36000 |
| 650 | 2 | 4 |
_aOceanography. _0https://scigraph.springernature.com/ontologies/product-market-codes/G25005 |
| 700 | 1 |
_aNg, Chong _eEditor. |
|
| 700 | 1 |
_aRan, Li _eEditor. |
|
| 942 |
_2lcc _cBOOKS _hTK1541 _kTK _mOFF _n0 |
||
| 999 |
_c170780 _d170780 |
||